000 00586nam a2200169Ia 4500
008 090201s9999 xx 000 0 und d
010 _aKPL-36168
040 _bमराठी
041 _aमराठी
082 _a25047
_b36168
100 _aबाळ जगन्नाथ पंडित
245 _aदि लिटल मास्टर
_cबाळ जगन्नाथ पंडित
260 _c2004
_bमेहता पब्लिशिंग हाऊस
300 _a174
_bमोठा
600 _aदि लिटल मास्टर
942 _cBOOK
999 _c224321
_d224321